000 00810 a2200253 4500
005 20251205154535.0
008 251205b |||||||| |||| 00| 0 eng d
020 _a9781804290712 (hbk)
037 _cTB
040 _aCRL
_cCRL
041 _2eng
_aeng
084 _aD85 R5
_qCRL
100 _aMenga, Filippo
_9821960
245 _aThirst:
_bthe globl quest to salve the water crisis
260 _aLondon, UK;
_aNew York, USA:
_bVerso,
_c2025.
300 _axii, 194p.
365 _b16.99
_cUKP
650 _aWater Supply
_9854984
650 _aWater Resource
_9854985
650 _aEngneering
_9854986
650 _aDevelopment
_9854987
942 _cTB
_2CC
_n0
_hD85 R5
999 _c1435797
_d1435797